00987nam a2200301Ia 4500001000900000003000500009005001700014008004100031010001100072020002200083040000900105082002300114100003700137245005300174260003800227300001100265503000700276504003100283590002200314650005100336650004700387901002300434902000600457905006300463942001500526999001900541952012500560dia_5930CHAP20251023151532.0220117s[201 xx 000 0 und d a177100 a978-958-736-007-3 cCHAP a633.73 D83 [2010?]1 aDurán Ramírez, Felipe934702 aCultivo del café /c Felipe Durán Ramírez aColombia :b Grupo Latino,c[201 a511 p. aC. aBibliografía: p. 509-511 aSB269 D83 [2010?] aCaféxCultivos y medios de cultivo 9160206 aCoffeexCultures and culture media9160207 a633.73 D83 [2010?] aM a523227[2010?] ck dn 8222123322spa16 cLIBRO2ddc c177100d177100 00102ddc40708GRALaIA_bIA_c1d2022-01-18f1l10pdia_009283r2025-10-28 13:46:54s2025-10-28t1w2022-01-18yLIBRO